LEADER 01132nam0-22003251i-450- 001 990007537350403321 005 20051219110507.0 035 $a000753735 035 $aFED01000753735 035 $a(Aleph)000753735FED01 035 $a000753735 100 $a20030814d2001----km-y0itay50------ba 101 0 $aita 102 $aIT 200 1 $a<>Massiccio del Monte Velino$eun itinerario geomorfologico nell' Appennino Centrale$fAlessio Consoli, M. Cristina Salvatore 210 $aRoma$cUniversità$d2001. 215 $a55 p.$cill.$d24 cm 225 1 $aSemestrale di studi e ricerche di Geografia 300 $aIn testa al front.: Università degli studi di Roma La Sapienza, Facoltà di Lettere e Filosofia, Istituto di Geografia 610 0 $aAppennino 700 1$aConsoli,$bAlessio$0272168 702 1$aSalvatore,$bMaria Cristina 801 0$aIT$bUNINA$gRICA$2UNIMARC 901 $aBK 912 $a990007537350403321 952 $aPER.IT.043(01,1)bis$bB.L.F.L. 44447$fILFGE 952 $aPER.IT.043(01,1)$bB.L.F.L. 44468$fILFGE 959 $aILFGE 996 $aMassiccio del Monte Velino$9684821 997 $aUNINA